000 01291nam a22002537a 4500
005 20170124103129.0
010 _aB-236546
020 _c00.00
_a9788186772256
035 _aB-236546
037 _bCen Lib/Ret
040 _aDPL
_bHN
082 _a338.4791
_bरावत
100 _aरावत, ताज
_983749
245 _aपर्यावरण पर्यटन एवं लोक संस्कृति :
_cताज रावत
_bपर्वतीय शेत्र का विशेष संदर्भ /
246 _aParyavaran paryatan ewam lok sanskriti : parvateey shetr ka vishesh sandarbh /
_bby Taj Rawat
260 _bन्यू अकेडमिक पब्लिशर्स
_aनई दिल्ली
_c2007
270 _bनई दिल्ली
_a23, अंसारी रोड, दरियागंज
_e110002
300 _aviii,329पृ.
_c20सेमी(सजिल्द)
650 _aपर्यटकों का स्वर्ग -- हिमाचल
_983750
650 _aग्रामीण पर्यटन -- संभावनाएँ
_983751
650 _aTourist's paradise - HP
_983752
650 _aRural tourism - Prospects
_983753
942 _2ddc
_cHN
_h338.4791
_mरावत
999 _c119188
_d119188